Loading...
| History - World | 1 | 5 | 2 | 0 | 55 | 37 | 101.00 | 2 | 6 | 0.00 | 0.00 |
| Fine Arts - Other | 2 | 3 | 1 | 1 | 55 | 48 | 100.60 | 4 | 5 | 0.00 | 0.00 |
| Literature - Long Fiction | 0 | 5 | 0 | 0 | 50 | 130 | 140.20 | 2 | 5 | 0.00 | 0.00 |
| Philosophy | 0 | 4 | 0 | 1 | 40 | 139 | 142.00 | 1 | 4 | 0.00 | 0.00 |
| Fine Arts - Painting and Sculpture | 0 | 4 | 0 | 0 | 40 | 104 | 140.50 | 1 | 4 | 0.00 | 0.00 |
| Current Events | 1 | 2 | 1 | 0 | 30 | 47 | 74.00 | 1 | 3 | 0.00 | 0.00 |
| Social Science | 1 | 2 | 1 | 0 | 30 | 46 | 81.67 | 1 | 3 | 0.00 | 0.00 |
| Literature - Poetry | 0 | 3 | 1 | 0 | 25 | 106 | 125.00 | 2 | 3 | 0.00 | 0.00 |
| Geography | 1 | 1 | 1 | 0 | 20 | 59 | 88.00 | 1 | 2 | 0.00 | 0.00 |
| Short Fiction and Other | 0 | 2 | 0 | 0 | 20 | 127 | 142.00 | 2 | 2 | 0.00 | 0.00 |
| History - European | 0 | 3 | 3 | 0 | 15 | 91 | 102.00 | 2 | 3 | 0.00 | 0.00 |
| Literature - Drama | 0 | 2 | 1 | 0 | 15 | 125 | 134.50 | 1 | 2 | 0.00 | 0.00 |
| Mythology | 0 | 2 | 1 | 0 | 15 | 102 | 109.00 | 2 | 2 | 0.00 | 0.00 |
| History - Ancient | 1 | 0 | 0 | 0 | 15 | 62 | 62.00 | 1 | 1 | 0.00 | 0.00 |
| Science - Biology | 0 | 1 | 0 | 1 | 10 | 132 | 132.00 | 1 | 1 | 0.00 | 0.00 |
| Science - Other | 0 | 1 | 0 | 0 | 10 | 153 | 153.00 | 0 | 1 | 0.00 | 0.00 |
| Science - Physics | 0 | 1 | 1 | 1 | 5 | 130 | 130.00 | 0 | 1 | 0.00 | 0.00 |
| Other Academic | 0 | 1 | 2 | 0 | 0 | 113 | 113.00 | 0 | 1 | 0.00 | 0.00 |
| Religion | 1 | 0 | 3 | 0 | 0 | 82 | 82.00 | 0 | 1 | 0.00 | 0.00 |
| Science - Chemistry | 0 | 0 | 0 | 0 | 0 | 0.00 | 0 | 0 | 0.00 | 0.00 | |
| Fine Arts - Classical Music | 0 | 0 | 0 | 0 | 0 | 0.00 | 0 | 0 | 0.00 | 0.00 | |
| History - American | 0 | 0 | 2 | 0 | -10 | 0.00 | 0 | 0 | 0.00 | 0.00 |